[Event "TUR-chT 2nd League"]
[Site "Konya"]
[Date "2022.08.24"]
[Round "4.10"]
[White "Demir, Bilal"]
[Black "Sayin, Atakan"]
[Result "0-1"]
[WhiteElo "1994"]
[BlackElo "1881"]
[PlyCount "68"]
[EventDate "2022.08.22"]
[EventType "team-swiss"]
[EventRounds "9"]
[EventCountry "TUR"]
[SourceTitle "CBM 210 Extra"]
[Source "ChessBase"]
[SourceDate "2022.11.30"]
[SourceVersion "1"]
[SourceVersionDate "2022.11.30"]
[SourceQuality "1"]
[WhiteTeam "Karaman Yunus Emre"]
[BlackTeam "Corum Belediye"]
[WhiteTeamCountry "TUR"]
[BlackTeamCountry "TUR"]

1. d4 Nf6 2. Bf4 c5 3. d5 d6 4. Nc3 g6 5. e4 Bg7 6. Be2 a6 7. a4 Qa5 8. Bd2 Qc7 9. h3 0-0 10. Nf3 Nbd7 11. 0-0 b6 12. Bf4 Bb7 13. Qd2 Nh5 14. Bh2 c4 15. Kh1 Qc5 16. Ne1 b5 17. Bxh5 gxh5 18. f3 b4 19. Nd1 a5 20. Bg1 Qc7 21. c3 Nc5 22. Qg5 Nb3 23. Rb1 h6 24. Qf4 e5 25. Qe3 f5 26. Nf2 fxe4 27. fxe4 Rf7 28. Nf3 Raf8 29. Qe2 Nc5 30. Nd2 Nxa4 31. cxb4 c3 32. Nc4 axb4 33. b3 Nc5 34. Rfc1 Ba6 0-1

[Event "TUR-chT 2nd League"]
[Site "Konya"]
[Date "2022.08.23"]
[Round "3.13"]
[White "Sayin, Atakan"]
[Black "Dirikolu, Deniz"]
[Result "1/2-1/2"]
[WhiteElo "1881"]
[BlackElo "1741"]
[PlyCount "94"]
[EventDate "2022.08.22"]
[EventType "team-swiss"]
[EventRounds "9"]
[EventCountry "TUR"]
[SourceTitle "CBM 210 Extra"]
[Source "ChessBase"]
[SourceDate "2022.11.30"]
[SourceVersion "1"]
[SourceVersionDate "2022.11.30"]
[SourceQuality "1"]
[WhiteTeam "Corum Belediye"]
[BlackTeam "Yalova Altinkale"]
[WhiteTeamCountry "TUR"]
[BlackTeamCountry "TUR"]

1. f4 d5 2. Nf3 c5 3. b3 Nf6 4. Bb2 g6 5. e3 Bg7 6. Bb5+ Bd7 7. Bxd7+ Nbxd7 8. 0-0 0-0 9. d3 Ng4 10. Bxg7 Kxg7 11. Qe2 f5 12. Nbd2 Re8 13. h3 Ngf6 14. Ne5 Qc7 15. Ndf3 Nxe5 16. Nxe5 Nd7 17. Nxd7 Qxd7 18. Qf2 e5 19. e4 dxe4 20. dxe4 exf4 21. Rad1 Qf7 22. exf5 Qxf5 23. Qxf4 Qe6 24. Rd6 Qe7 25. Rfd1 Rad8 26. Rxd8 Rxd8 27. Rxd8 Qxd8 28. Qe5+ Qf6 29. Qxc5 Qa1+ 30. Kh2 Qxa2 31. Qe7+ Kg8 32. Qxb7 Qa5 33. Qb8+ Kg7 34. b4 Qa1 35. c4 Qd4 36. c5 a6 37. Qc7+ Kh6 38. c6 Qf6 39. Kg3 g5 40. Kh2 Kg6 41. Kg1 Qd4+ 42. Kf1 Qd1+ 43. Kf2 Qd2+ 44. Kg3 Qc3+ 45. Kf2 Qd2+ 46. Kg1 Qd4+ 47. Kh2 Qf6 1/2-1/2

[Event "TUR-chT Clubs"]
[Site "Konya"]
[Date "2019.07.20"]
[Round "7.1"]
[White "Sayin, Atakan"]
[Black "Gokcek, Kursat Bugra"]
[Result "0-1"]
[WhiteElo "1925"]
[BlackElo "2150"]
[PlyCount "68"]
[EventDate "2019.07.16"]
[EventType "team-swiss"]
[EventRounds "9"]
[EventCountry "TUR"]
[SourceTitle "CBM 191 Extra"]
[Source "ChessBase"]
[SourceDate "2019.09.30"]
[SourceVersion "1"]
[SourceVersionDate "2019.09.30"]
[SourceQuality "1"]
[WhiteTeam "Borcelik Bursa Deneyim"]
[BlackTeam "Duzce AS Genclik"]
[WhiteTeamCountry "TUR"]
[BlackTeamCountry "TUR"]

1. e4 c6 2. d4 d5 3. e5 c5 4. c3 Nc6 5. dxc5 Nxe5 6. Nf3 Nc6 7. b4 a6 8. Be3 Nf6 9. Nbd2 Ng4 10. Bg5 h6 11. Bh4 g5 12. Bg3 Bg7 13. h3 Nge5 14. Nxe5 Nxe5 15. Nb3 0-0 16. Bxe5 Bxe5 17. Nd4 Bg7 18. Be2 e5 19. Nb3 Be6 20. 0-0 Qd7 21. Qd2 Rad8 22. Rad1 f5 23. Na5 e4 24. Nb3 Be5 25. Nd4 Bf7 26. f3 Bb8 27. fxe4 dxe4 28. Rxf5 Qc7 29. Rxg5+ Kh8 30. Rg4 Qh2+ 31. Kf2 Be6+ 32. Bf3 Rxf3+ 33. Nxf3 Rxd2+ 34. Rxd2 exf3 0-1

[Event "TUR-chT Clubs"]
[Site "Konya"]
[Date "2019.07.18"]
[Round "5.1"]
[White "Daghan, Devran"]
[Black "Sayin, Atakan"]
[Result "1/2-1/2"]
[WhiteElo "2023"]
[BlackElo "1925"]
[PlyCount "83"]
[EventDate "2019.07.16"]
[EventType "team-swiss"]
[EventRounds "9"]
[EventCountry "TUR"]
[SourceTitle "CBM 191 Extra"]
[Source "ChessBase"]
[SourceDate "2019.09.30"]
[SourceVersion "1"]
[SourceVersionDate "2019.09.30"]
[SourceQuality "1"]
[WhiteTeam "Krater Genclik"]
[BlackTeam "Borcelik Bursa Deneyim"]
[WhiteTeamCountry "TUR"]
[BlackTeamCountry "TUR"]

1. e4 e6 2. d4 d5 3. Nd2 c5 4. Ngf3 Nc6 5. exd5 exd5 6. dxc5 Bxc5 7. Be2 Nge7 8. 0-0 0-0 9. a3 Ng6 10. Nb3 Bb6 11. Bg5 f6 12. Bh4 Nf4 13. Bg3 Nxe2+ 14. Qxe2 Re8 15. Qd2 Bg4 16. Nfd4 Qd7 17. h3 Bh5 18. Rfe1 a6 19. Nxc6 Qxc6 20. Nd4 Bxd4 21. Qxd4 Rxe1+ 22. Rxe1 Re8 23. Rxe8+ Bxe8 24. c3 Bg6 25. h4 h5 26. f3 Qb5 27. b4 Qd3 28. Qxd3 Bxd3 29. Kf2 Kf7 30. Bd6 Ke6 31. Bf8 g5 32. Ke3 Bc4 33. hxg5 fxg5 34. f4 gxf4+ 35. Kxf4 Bf1 36. g3 Bc4 37. Bg7 Bb3 38. Ke3 Bc4 39. Kd4 Kd6 40. Be5+ Kc6 41. a4 Bb3 42. a5 1/2-1/2

[Event "TUR-chT Clubs"]
[Site "Konya"]
[Date "2019.07.17"]
[Round "3.5"]
[White "Yilmaz, Kayra"]
[Black "Sayin, Atakan"]
[Result "1-0"]
[WhiteElo "1512"]
[BlackElo "1925"]
[PlyCount "85"]
[EventDate "2019.07.16"]
[EventType "team-swiss"]
[EventRounds "9"]
[EventCountry "TUR"]
[SourceTitle "CBM 191 Extra"]
[Source "ChessBase"]
[SourceDate "2019.09.30"]
[SourceVersion "1"]
[SourceVersionDate "2019.09.30"]
[SourceQuality "1"]
[WhiteTeam "Busan Genclik"]
[BlackTeam "Borcelik Bursa Deneyim"]
[WhiteTeamCountry "TUR"]
[BlackTeamCountry "TUR"]

1. e4 e6 2. b3 d5 3. Bb2 dxe4 4. Nc3 Nf6 5. Qe2 Nbd7 6. g4 b6 7. Bg2 Bb7 8. Nxe4 Nd5 9. Nh3 Nb4 10. 0-0-0 Nc5 11. f4 Bxe4 12. Bxe4 Nxe4 13. Qxe4 Qd5 14. Qxd5 Nxd5 15. f5 h5 16. Ng5 hxg4 17. fxe6 f6 18. Ne4 Nf4 19. Rde1 Nxe6 20. Nxf6+ gxf6 21. Rxe6+ Kd7 22. Rxf6 Bd6 23. Rf7+ Ke6 24. Rhf1 Rhf8 25. R1f6+ Kd5 26. c4+ Kc6 27. Rxf8 Rxf8 28. Rxf8 Bxf8 29. Be5 Kd7 30. d4 c6 31. Kd2 Ke6 32. Ke3 Kf5 33. Bb8 Bh6+ 34. Kf2 a6 35. Bc7 b5 36. cxb5 cxb5 37. d5 Ke4 38. d6 Bf4 39. Bb8 Bxd6 40. Bxd6 Kd3 41. b4 Kc2 42. Kg3 Kb2 43. Kxg4 1-0

[Event "TUR Cup"]
[Site "Antalya"]
[Date "2019.02.01"]
[Round "9"]
[White "Sayin, Atakan"]
[Black "Yelligedik, Murat"]
[Result "1/2-1/2"]
[WhiteElo "1921"]
[BlackElo "2055"]
[PlyCount "156"]
[EventDate "2019.01.27"]
[EventType "swiss"]
[EventRounds "11"]
[EventCountry "TUR"]
[SourceTitle "CBM 188 Extra"]
[Source "ChessBase"]
[SourceDate "2019.02.26"]
[SourceVersion "1"]
[SourceVersionDate "2019.02.26"]
[SourceQuality "1"]

1. e4 e5 2. Nf3 Nc6 3. d4 exd4 4. Nxd4 Nf6 5. Nxc6 bxc6 6. e5 Qe7 7. Qe2 Nd5 8. c4 Ba6 9. b3 g6 10. g3 Bg7 11. Bb2 0-0 12. Bg2 Rfe8 13. 0-0 f6 14. Qd2 Nb6 15. exf6 Bxf6 16. Bxf6 Qxf6 17. Nc3 d5 18. Rfe1 Kg7 19. cxd5 cxd5 20. Nxd5 Nxd5 21. Qxd5 Rad8 22. Qa5 Rf8 23. Qxc7+ Rf7 24. Qe5 Qxe5 25. Rxe5 Rd2 26. f4 Rc7 27. Be4 Rc3 28. Re1 Be2 29. f5 a6 30. Re7+ Kf6 31. Re6+ Kg7 32. fxg6 hxg6 33. Rxg6+ Kf7 34. Rg5 Rxa2 35. Rf5+ Kg7 36. Rf2 Re3 37. Bd5 a5 38. Bc4 Bxc4 39. Rxe3 Ra1+ 40. Kg2 Bd5+ 41. Kh3 Ra3 42. Rf5 Bxb3 43. Rxa5 Rxa5 44. Rxb3 Rh5+ 45. Kg2 Ra5 46. g4 Kg6 47. Kg3 Ra1 48. h4 Rg1+ 49. Kf4 Rf1+ 50. Rf3 Rg1 51. h5+ Kh6 52. Re3 Rf1+ 53. Rf3 Rg1 54. Ra3 Rf1+ 55. Kg3 Rg1+ 56. Kh4 Rh1+ 57. Rh3 Rg1 58. Rh2 Ra1 59. g5+ Kh7 60. Rg2 Ra5 61. Rg4 Rb5 62. Ra4 Rb7 63. h6 Rb1 64. Ra7+ Kg6 65. Ra6+ Kh7 66. Ra4 Kg6 67. Ra6+ Kh7 68. Kh5 Rh1+ 69. Kg4 Rg1+ 70. Kf5 Rf1+ 71. Ke5 Re1+ 72. Kf6 Rf1+ 73. Ke7 Rf5 74. g6+ Kxh6 75. Rf6 Ra5 76. Re6 Kg7 77. Rb6 Re5+ 78. Kd6 Rg5 1/2-1/2

[Event "TUR-chT 2nd League"]
[Site "Konya"]
[Date "2018.07.20"]
[Round "7.16"]
[White "Sayin, Atakan"]
[Black "Acar, Ilhami"]
[Result "1-0"]
[WhiteElo "1869"]
[BlackElo "1688"]
[PlyCount "75"]
[EventDate "2018.07.16"]
[EventType "team-swiss"]
[EventRounds "9"]
[EventCountry "TUR"]
[SourceTitle "EXT 2019"]
[Source "ChessBase"]
[SourceDate "2018.10.10"]
[SourceVersion "1"]
[SourceVersionDate "2018.10.10"]
[SourceQuality "1"]
[WhiteTeam "Eskiseh Tasci"]
[BlackTeam "Ayidin Nazilli Belediyesi"]
[WhiteTeamCountry "TUR"]
[BlackTeamCountry "TUR"]

1. e4 c5 2. Nf3 d6 3. Bb5+ Nd7 4. c3 Ngf6 5. d3 a6 6. Bxd7+ Bxd7 7. 0-0 Bc6 8. Re1 g6 9. Qe2 Bg7 10. Bg5 h6 11. Bh4 Qc7 12. Nbd2 g5 13. Bg3 Nh5 14. d4 Nxg3 15. hxg3 g4 16. Nh4 cxd4 17. Nf5 Bf6 18. cxd4 h5 19. e5 dxe5 20. dxe5 Bg5 21. Ng7+ Kf8 22. Nf5 Qd7 23. Ne3 Bb5 24. Nec4 Rd8 25. Ne4 Bh6 26. Red1 Qc7 27. Rxd8+ Qxd8 28. a4 Bc6 29. Nc3 b5 30. axb5 axb5 31. Na5 Qa8 32. Nb3 Qb8 33. Nd4 Bd7 34. Qe4 Kg7 35. e6 fxe6 36. Ra6 Kf7 37. Nxe6 Qc8 38. Qf5+ 1-0

[Event "TUR-chT 2nd League"]
[Site "Konya"]
[Date "2018.07.18"]
[Round "4.10"]
[White "Yetkin, Ayhan"]
[Black "Sayin, Atakan"]
[Result "1-0"]
[WhiteElo "1819"]
[BlackElo "1869"]
[PlyCount "79"]
[EventDate "2018.07.16"]
[EventType "team-swiss"]
[EventRounds "9"]
[EventCountry "TUR"]
[SourceTitle "EXT 2019"]
[Source "ChessBase"]
[SourceDate "2018.10.10"]
[SourceVersion "1"]
[SourceVersionDate "2018.10.10"]
[SourceQuality "1"]
[WhiteTeam "Altin Hamle Corum"]
[BlackTeam "Eskiseh Tasci"]
[WhiteTeamCountry "TUR"]
[BlackTeamCountry "TUR"]

1. d4 Nf6 2. c4 c5 3. d5 e6 4. Nc3 exd5 5. cxd5 d6 6. e4 g6 7. Nf3 Bg7 8. Be2 0-0 9. 0-0 Bg4 10. h3 Bxf3 11. Bxf3 a6 12. a4 Nbd7 13. Bf4 Ne8 14. Qd2 Rc8 15. a5 Ne5 16. Be2 f5 17. Bg5 Nf6 18. f4 Nf7 19. exf5 gxf5 20. Bh4 Qd7 21. Bf3 Rce8 22. Rfe1 Nh8 23. Re6 Ng6 24. Bf2 Ne4 25. Nxe4 fxe4 26. Bg4 Nxf4 27. Rf6 e3 28. Bxe3 Qe7 29. Rxf8+ Rxf8 30. Bxf4 Bd4+ 31. Kh1 Qe4 32. Be6+ Kh8 33. Bg3 Qg6 34. Kh2 h5 35. h4 Rf6 36. Re1 Rf8 37. b3 Bg7 38. Qg5 Qh7 39. Bxd6 Bh6 40. Be5+ 1-0

[Event "TUR-chT 2nd League"]
[Site "Konya"]
[Date "2018.07.17"]
[Round "3.12"]
[White "Unal, Osman"]
[Black "Sayin, Atakan"]
[Result "1-0"]
[WhiteElo "1855"]
[BlackElo "1869"]
[PlyCount "57"]
[EventDate "2018.07.16"]
[EventType "team-swiss"]
[EventRounds "9"]
[EventCountry "TUR"]
[SourceTitle "EXT 2019"]
[Source "ChessBase"]
[SourceDate "2018.10.10"]
[SourceVersion "1"]
[SourceVersionDate "2018.10.10"]
[SourceQuality "1"]
[WhiteTeam "Gulbahcesi Egitim"]
[BlackTeam "Eskiseh Tasci"]
[WhiteTeamCountry "TUR"]
[BlackTeamCountry "TUR"]

1. e4 e6 2. d4 d5 3. exd5 exd5 4. c4 Nf6 5. Nc3 Be7 6. h3 0-0 7. Nf3 Re8 8. Be3 c6 9. Bd3 dxc4 10. Bxc4 Nd5 11. 0-0 Be6 12. Nxd5 cxd5 13. Bd3 Nc6 14. Rc1 Qb6 15. Qe2 Bf6 16. Rfd1 Rac8 17. Bb1 Ne7 18. Bg5 Ng6 19. Bxf6 gxf6 20. Qd2 Kg7 21. Re1 Qd6 22. Rc3 Rc4 23. g3 Qc7 24. Rxc4 dxc4 25. Qc2 Rd8 26. h4 h5 27. Rxe6 fxe6 28. Qxg6+ Kf8 29. Qxf6+ 1-0

[Event "Kesan op 14th"]
[Site "Kesan"]
[Date "2016.08.18"]
[Round "7"]
[White "Ererdem, Gani Eren"]
[Black "Sayin, Atakan"]
[Result "1-0"]
[WhiteElo "2147"]
[BlackElo "1871"]
[PlyCount "97"]
[EventDate "2016.08.14"]
[EventType "swiss"]
[EventRounds "9"]
[EventCountry "TUR"]
[SourceTitle "CBM 173 Extra"]
[Source "ChessBase"]
[SourceDate "2016.08.29"]
[SourceVersion "1"]
[SourceVersionDate "2016.08.29"]
[SourceQuality "1"]

1. d4 Nf6 2. Nf3 d5 3. c4 c6 4. Qc2 dxc4 5. e4 Bg4 6. Bxc4 e6 7. Be3 Bb4+ 8. Nc3 Nbd7 9. 0-0 0-0 10. a3 Bxc3 11. bxc3 Qa5 12. Nd2 e5 13. f3 Bh5 14. a4 Bg6 15. Nb3 Qc7 16. Qf2 a5 17. Rfd1 b5 18. axb5 cxb5 19. Bxb5 Qxc3 20. Rd3 Qb4 21. Ba4 Rfc8 22. d5 Rab8 23. Bd2 Qd6 24. Bxa5 h5 25. Rc3 Rxc3 26. Bxc3 Bxe4 27. fxe4 Nxe4 28. Qe3 Ndf6 29. Be1 Qxd5 30. h3 Nd6 31. Rc1 Nf5 32. Qc5 Qe4 33. Bc6 Qf4 34. Bd2 Qg3 35. Rc3 Qg6 36. Qf2 h4 37. Nc5 Ng3 38. Bf3 e4 39. Bd1 Nd5 40. Rc1 Rb2 41. Qd4 Nf4 42. Qd8+ Kh7 43. Bxf4 f6 44. Rc2 Rxc2 45. Bxc2 Ne2+ 46. Kh1 Nxf4 47. Bxe4 f5 48. Qxh4+ Nh5 49. Bf3 1-0

[Event "TUR-chT2"]
[Site "Konya"]
[Date "2015.07.29"]
[Round "7.10"]
[White "Sayin, Atakan"]
[Black "Ozsoy, Damla"]
[Result "1-0"]
[WhiteElo "1709"]
[BlackElo "1308"]
[PlyCount "78"]
[EventDate "2015.07.25"]
[EventType "team-swiss"]
[EventRounds "9"]
[EventCountry "TUR"]
[SourceTitle "EXT 2017"]
[Source "ChessBase"]
[SourceDate "2016.10.25"]
[SourceVersion "1"]
[SourceVersionDate "2016.10.25"]
[SourceQuality "1"]
[WhiteTeam "Burdur 90 Yil"]
[BlackTeam "Istanbul Dobruca"]
[WhiteTeamCountry "TUR"]
[BlackTeamCountry "TUR"]

1. e4 c5 2. Nf3 d6 3. d4 cxd4 4. Nxd4 Nf6 5. Nc3 Nc6 6. Bg5 e6 7. Qd2 a6 8. Be2 Bd7 9. 0-0 Be7 10. Nb3 0-0 11. Rad1 Rc8 12. Bxf6 gxf6 13. Qh6 Kh8 14. f4 Rg8 15. Qh5 Rg7 16. a3 Qb6+ 17. Kh1 Rcg8 18. Bf3 Qe3 19. g3 Qb6 20. Na4 Qc7 21. Nc3 Qb6 22. Rd3 Rg6 23. Ne2 Qc7 24. Rc1 Bf8 25. Bg2 Rh6 26. Qf3 Na5 27. Nxa5 Qxa5 28. b4 Qh5 29. Qxh5 Rxh5 30. Bf3 Rh6 31. Kg2 Be7 32. Rd2 d5 33. Ng1 dxe4 34. Rxd7 exf3+ 35. Nxf3 Re8 36. Rxb7 Kg7 37. c4 Bf8 38. c5 Rc8 39. Rb6 a5 1-0

[Event "TUR-chT2"]
[Site "Konya"]
[Date "2015.07.28"]
[Round "6.11"]
[White "Sayin, Atakan"]
[Black "Salur, Ozgun"]
[Result "0-1"]
[WhiteElo "1709"]
[BlackElo "1610"]
[PlyCount "80"]
[EventDate "2015.07.25"]
[EventType "team-swiss"]
[EventRounds "9"]
[EventCountry "TUR"]
[SourceTitle "CBM 167 Extra"]
[Source "ChessBase"]
[SourceDate "2015.09.14"]
[SourceVersion "1"]
[SourceVersionDate "2015.09.14"]
[SourceQuality "1"]
[WhiteTeam "Burdur 90 Yil"]
[BlackTeam "Zonguldak Alapli Aktif"]
[WhiteTeamCountry "TUR"]
[BlackTeamCountry "TUR"]

1. e4 c5 2. Nf3 Nc6 3. Bb5 Qc7 4. 0-0 e6 5. c3 Nf6 6. Re1 a6 7. Bf1 Be7 8. d4 d5 9. e5 Nd7 10. a3 b5 11. b4 cxd4 12. cxd4 Nb6 13. Bf4 Nc4 14. Nbd2 Qb6 15. Nb3 a5 16. bxa5 N6xa5 17. Nxa5 Rxa5 18. Qb3 Nxa3 19. Bg5 Bf8 20. Rec1 Bd7 21. Ra2 h6 22. Bd2 Ra4 23. Rca1 Qa6 24. Bc1 Nc4 25. Rxa4 bxa4 26. Qb8+ Bc8 27. Nd2 Be7 28. Nxc4 dxc4 29. Qc7 Bd7 30. Bxc4 Qc6 31. Qb8+ Bd8 32. Bd3 0-0 33. Qb2 Ba5 34. Qe2 Rc8 35. Be3 Qc3 36. Rd1 a3 37. Qg4 Kf8 38. Qh5 Ba4 39. Rd2 Qc1+ 40. Bf1 Bxd2 0-1

[Event "EU-ch U12"]
[Site "Prague"]
[Date "2012.08.19"]
[Round "3"]
[White "Kevlishvili, Robby"]
[Black "Sayin, Atakan"]
[Result "1-0"]
[WhiteElo "1898"]
[BlackElo "1661"]
[PlyCount "73"]
[EventDate "2012.08.17"]
[EventType "swiss"]
[EventRounds "9"]
[EventCountry "CZE"]
[SourceTitle "CBM 150 Extra"]
[Source "ChessBase"]
[SourceDate "2012.10.19"]
[SourceVersion "1"]
[SourceVersionDate "2012.10.19"]
[SourceQuality "1"]

1. e4 e6 2. d4 d5 3. Nc3 Nf6 4. e5 Nfd7 5. Nce2 c5 6. c3 Nc6 7. f4 Qa5 8. Nf3 b5 9. Bd2 Qb6 10. g3 Be7 11. Bg2 f6 12. 0-0 0-0 13. Kh1 Ba6 14. Bh3 Na5 15. dxc5 Nxc5 16. b4 Nc4 17. bxc5 Bxc5 18. Ned4 Rae8 19. Re1 fxe5 20. Nxe5 Qd6 21. Nxc4 dxc4 22. Bg2 Bxd4 23. cxd4 b4 24. a3 c3 25. Be3 Rb8 26. axb4 Rxb4 27. d5 Bb7 28. Rxa7 Bxd5 29. Bxd5 Qxd5+ 30. Qxd5 exd5 31. Bc5 Rb2 32. Bxf8 c2 33. Ba3 Rb8 34. Rd7 Ra8 35. Rxd5 Rxa3 36. Rc1 Rc3 37. Rd2 1-0